Česká ekonomika na cestě do Evropské unie se zaměřením na mezinárodní podmínky

Salvato in:
Dettagli Bibliografici
Autore principale: Holub, Alois
Natura: Libro
Lingua:ceco
inglese
Pubblicazione: Praha Professional Publishing 2003
Soggetti:
Tags: Aggiungi Tag
Nessun Tag, puoi essere il primo ad aggiungerne!!

MARC

LEADER 00000nam$a2200000$$$4500
001 0005174
005 20240104132943.7
020 |a 80-86419-43-6 
041 0 |a cze 
041 0 |a eng 
044 |a CZ 
245 1 0 |a Česká ekonomika na cestě do Evropské unie  |b se zaměřením na mezinárodní podmínky  |c Alois Holub a kol. 
264 1 |a Praha  |b Professional Publishing  |c 2003 
300 |a 238 s. 
610 2 0 |a politika hospodárska 
610 2 0 |a integrácia ekonomická medzinárodná 
610 2 0 |a zmeny štruktúrne 
610 2 0 |a priemysel spracovateľský 
610 2 0 |a konkurencieschopnosť 
610 2 0 |a transformácia 
610 2 0 |a vývoz 
610 2 0 |a dovoz 
610 2 0 |a pohyb kapitálu 
610 2 0 |a situácia hospodárska 
610 2 0 |a mena 
610 2 0 |a euro 
610 2 0 |a únie menové 
610 2 0 |a politika menová 
610 2 0 |a banky centrálne 
610 2 0 |a krajiny rozvojové 
610 2 0 |a krajiny vyspelé 
610 2 0 |a vzťahy ekonomické 
610 2 0 |a Česko 
610 2 0 |a USA 
610 2 0 |a Európa 
610 2 0 |a Európska únia 
100 1 |a Holub, Alois